[Event "BL 8788 Zehlendorf-München 36"]
[Site "?"]
[Date "1987.??.??"]
[Round "?.4"]
[White "Vogel, R."]
[Black "Pichler, J."]
[Result "1/2-1/2"]
[WhiteElo "2385"]
[BlackElo "2320"]
[PlyCount "69"]
[EventDate "1987.??.??"]

1. d4 Nf6 2. c4 c6 3. Nc3 d6 4. e4 e5 5. Nf3 Nbd7 6. Be2 Be7 7. O-O O-O 8. Qc2
Qc7 9. Rd1 Re8 10. Rb1 a6 11. a3 b5 12. b4 Bb7 13. dxe5 Nxe5 14. Nxe5 dxe5 15.
Bg5 h6 16. Be3 Red8 17. h3 Rxd1+ 18. Rxd1 Rd8 19. Rb1 Rc8 20. Rc1 Qd8 21. Qb1
Qf8 22. c5 Rd8 23. Bd1 Bc8 24. Bb3 Nh5 25. Ne2 Bg5 26. Bxg5 hxg5 27. Rd1 Nf4
28. Nxf4 gxf4 29. Qc2 g6 30. Qc3 Rxd1+ 31. Bxd1 Qd8 32. Bf3 f6 33. Kf1 Kf8 34.
Ke1 Ke7 35. Bg4 1/2-1/2

[Event "BL 8788 Zehlendorf-München 36"]
[Site "?"]
[Date "1987.??.??"]
[Round "?.5"]
[White "Goetz, R."]
[Black "Rahls, P."]
[Result "1/2-1/2"]
[WhiteElo "2325"]
[BlackElo "2205"]
[PlyCount "43"]
[EventDate "1987.??.??"]

1. e4 c5 2. Nf3 e6 3. Nc3 a6 4. d4 cxd4 5. Nxd4 d6 6. f4 Nf6 7. Be2 Nbd7 8. a4
b6 9. Bf3 Bb7 10. O-O Rc8 11. g4 Rxc3 12. bxc3 Nxe4 13. Qe1 d5 14. Be3 Qc7 15.
Bxe4 dxe4 16. f5 e5 17. Nb3 Nf6 18. a5 b5 19. Rd1 Be7 20. g5 Ng4 21. h3 Nxe3
22. Qxe3 1/2-1/2

[Event "BL 8788 München 36-Lasker"]
[Site "?"]
[Date "1987.??.??"]
[Round "?.1"]
[White "Muse, M."]
[Black "Smejkal, J."]
[Result "1/2-1/2"]
[WhiteElo "2415"]
[BlackElo "2515"]
[PlyCount "33"]
[EventDate "1987.??.??"]

1. d4 Nf6 2. Nf3 g6 3. Bg5 Bg7 4. Nbd2 d6 5. e4 O-O 6. c3 Nbd7 7. Bc4 e5 8. O-O
h6 9. Bh4 Qe8 10. Re1 Nh5 11. Nf1 Nb6 12. Bb3 Be6 13. dxe5 dxe5 14. Bxe6 Qxe6
15. Ne3 Rfe8 16. Qb3 Nf4 17. Rad1 1/2-1/2

[Event "BL 8788 München 36-Lasker"]
[Site "?"]
[Date "1987.??.??"]
[Round "?.2"]
[White "Nikolac, J."]
[Black "Heyken, E."]
[Result "1/2-1/2"]
[WhiteElo "2470"]
[BlackElo "2305"]
[PlyCount "100"]
[EventDate "1987.??.??"]

1. Nf3 c5 2. g3 Nc6 3. Bg2 g6 4. O-O Bg7 5. e4 e5 6. d3 Nge7 7. Nc3 O-O 8. Nd2
f5 9. Nc4 d6 10. Nb5 fxe4 11. dxe4 Be6 12. Nca3 Nd4 13. c3 Nxb5 14. Nxb5 Bc4
15. Re1 Qd7 16. a4 a6 17. Na3 Be6 18. Bf1 d5 19. exd5 Nxd5 20. Bg2 Qf7 21. Qe2
Rae8 22. Nc2 e4 23. Ne3 Nf6 24. Bd2 Qd7 25. Red1 Bb3 26. Rdc1 Rd8 27. Be1 Bh6
28. c4 Bxa4 29. Bc3 Bc6 30. Rd1 Qe6 31. Rxd8 Rxd8 32. Bxf6 Qxf6 33. Ng4 Qf8 34.
Bxe4 Rd2 35. Nxh6+ Qxh6 36. Qg4 Qf8 37. Qe6+ Kh8 38. Qe5+ Kg8 39. f4 Bxe4 40.
Qxe4 Qd6 41. Re1 Rd1 42. Kf2 Rd2+ 43. Re2 b6 44. b3 Kg7 45. Kf3 Qd3+ 46. Qxd3
Rxd3+ 47. Re3 Rxe3+ 48. Kxe3 Kf6 49. Ke4 Ke6 50. g4 b5 1/2-1/2

[Event "BL 8788 München 36-Lasker"]
[Site "?"]
[Date "1987.??.??"]
[Round "?.3"]
[White "Paulsen, D."]
[Black "Bastian, H."]
[Result "1-0"]
[WhiteElo "2340"]
[BlackElo "2335"]
[PlyCount "77"]
[EventDate "1987.??.??"]

1. d4 Nf6 2. c4 g6 3. Nf3 Bg7 4. g3 O-O 5. Bg2 d6 6. O-O Na6 7. Nc3 c5 8. h3
Bd7 9. e4 cxd4 10. Nxd4 Qc8 11. g4 Qxc4 12. Be3 Nb4 13. f4 a6 14. a3 Nd3 15. e5
dxe5 16. fxe5 Nxe5 17. g5 Nh5 18. Nd5 Rae8 19. Rc1 Qd3 20. Qxd3 Nxd3 21. Rc7 e5
22. Nb3 Be6 23. Nc5 e4 24. Ne7+ Rxe7 25. Rxe7 Ng3 26. Rxb7 Nxf1 27. Kxf1 Bc4
28. Kg1 Nxb2 29. Nxe4 Na4 30. Nf6+ Bxf6 31. gxf6 h5 32. Rc7 Be6 33. Bb7 Bxh3
34. Bd5 Nb2 35. Bh6 Rd8 36. Bxf7+ Kh7 37. Bc1 Rd1+ 38. Kh2 Nd3 39. Bb3+ 1-0

[Event "BL 8788 München 36-Lasker"]
[Site "?"]
[Date "1987.??.??"]
[Round "?.5"]
[White "Junge, R."]
[Black "Goetz, R."]
[Result "1/2-1/2"]
[WhiteElo "2315"]
[BlackElo "2325"]
[PlyCount "31"]
[EventDate "1987.??.??"]

1. e4 c5 2. d4 cxd4 3. c3 dxc3 4. Nxc3 e6 5. Nf3 a6 6. Bc4 Nc6 7. O-O Nge7 8.
Bg5 f6 9. Be3 b5 10. Bb3 Ng6 11. Nd4 Nxd4 12. Qxd4 Be7 13. f4 O-O 14. Nd5 Kh8
15. Nb6 Rb8 16. f5 1/2-1/2

[Event "BL 8788 Bayern-Zehlendorf"]
[Site "?"]
[Date "1987.??.??"]
[Round "?.1"]
[White "Pritchett, C."]
[Black "Ribli, Z."]
[Result "1/2-1/2"]
[WhiteElo "2385"]
[BlackElo "2595"]
[PlyCount "36"]
[EventDate "1987.??.??"]

1. e4 c5 2. Nf3 d6 3. d4 cxd4 4. Nxd4 Nf6 5. Nc3 a6 6. Be3 e6 7. Qd2 b5 8. f3
Nbd7 9. g4 h6 10. O-O-O Bb7 11. Bd3 Ne5 12. Rhe1 g5 13. h4 gxh4 14. Kb1 Rc8 15.
a3 Nfd7 16. f4 Nc4 17. Bxc4 Rxc4 18. Nf5 Rg8 1/2-1/2

[Event "BL 8788 Bayern-Zehlendorf"]
[Site "?"]
[Date "1987.??.??"]
[Round "?.2"]
[White "Kindermann, S."]
[Black "Wockenfuss, K."]
[Result "1/2-1/2"]
[WhiteElo "2490"]
[BlackElo "2415"]
[PlyCount "93"]
[EventDate "1987.??.??"]

1. e4 Nc6 2. Nf3 d6 3. d4 Nf6 4. Nc3 g6 5. Be2 Bg7 6. O-O O-O 7. d5 Nb8 8. h3
c6 9. Be3 Nbd7 10. a4 Qa5 11. Nd2 Qc7 12. a5 Nc5 13. Ra3 cxd5 14. exd5 Bf5 15.
Nb5 Qb8 16. c4 Bd7 17. Nc3 e6 18. dxe6 Bxe6 19. Nb5 Bd7 20. Bf4 Bxb5 21. cxb5
Nd5 22. Bg3 Bxb2 23. Nc4 Nc3 24. Rxc3 Bxc3 25. Qc2 Bg7 26. Bxd6 Qc8 27. Bg4 f5
28. Bxf8 Qxf8 29. Bf3 Rd8 30. Re1 Kh8 31. b6 axb6 32. axb6 Bd4 33. Ne3 Nd7 34.
Rd1 Qc5 35. Qxc5 Nxc5 36. Nd5 Be5 37. Rc1 Ne4 38. Ne3 Bd4 39. Bxe4 fxe4 40. Rc7
Bxb6 41. Rxb7 Bxe3 42. fxe3 Rd3 43. Kf2 Rd2+ 44. Kg3 Re2 45. Re7 Rxe3+ 46. Kf2
Ra3 47. Rxe4 1/2-1/2

[Event "BL 8788 Bayern-Zehlendorf"]
[Site "?"]
[Date "1987.??.??"]
[Round "?.3"]
[White "Cladouras, P."]
[Black "Bischoff, K."]
[Result "1/2-1/2"]
[WhiteElo "2365"]
[BlackElo "2460"]
[PlyCount "40"]
[EventDate "1987.??.??"]

1. e4 c5 2. Nf3 e6 3. d4 cxd4 4. Nxd4 a6 5. Nc3 Qc7 6. g3 Bb4 7. Nde2 Nf6 8.
Bg2 Be7 9. a4 Nc6 10. O-O O-O 11. h3 Rd8 12. Nf4 d6 13. g4 Re8 14. g5 Nd7 15.
h4 Bf8 16. Nce2 g6 17. Nd3 b6 18. f4 Nc5 19. Nf2 Bg7 20. Ng3 Bb7 1/2-1/2

[Event "BL 8788 Bayern-Zehlendorf"]
[Site "?"]
[Date "1987.??.??"]
[Round "?.4"]
[White "Hickl, J."]
[Black "Vogel, R."]
[Result "1-0"]
[WhiteElo "2455"]
[BlackElo "2385"]
[PlyCount "83"]
[EventDate "1987.??.??"]

1. e4 c5 2. Nc3 Nc6 3. f4 g6 4. Nf3 Bg7 5. Bb5 Nd4 6. O-O Nxb5 7. Nxb5 Nf6 8.
e5 Nd5 9. d4 cxd4 10. Qxd4 Nb6 11. Be3 O-O 12. Nxa7 Rxa7 13. Qxb6 Qxb6 14. Bxb6
Ra4 15. Bd4 b5 16. b3 Ra6 17. Bb2 Bb7 18. Nd4 b4 19. a4 bxa3 20. Rxa3 Rxa3 21.
Bxa3 d6 22. Re1 Rd8 23. Bb2 dxe5 24. fxe5 Ra8 25. Bc3 Rc8 26. Bb4 f6 27. c4
fxe5 28. Ne6 Bf6 29. Nc5 Bc6 30. Bc3 Ra8 31. Ra1 Rd8 32. Re1 Ra8 33. Re2 Ra3
34. Bxe5 Bxe5 35. Rxe5 Ra2 36. g3 Kf7 37. Re6 Bf3 38. Re3 Ba8 39. h4 Rc2 40.
Kf1 Kf6 41. Ke1 Bc6 42. Re6+ 1-0

[Event "BL 8788 Bayern-Zehlendorf"]
[Site "?"]
[Date "1987.??.??"]
[Round "?.5"]
[White "Rahls, P."]
[Black "Hecht, H."]
[Result "1/2-1/2"]
[WhiteElo "2205"]
[BlackElo "2445"]
[PlyCount "98"]
[EventDate "1987.??.??"]

1. e4 c5 2. c3 e6 3. d4 d5 4. e5 Qb6 5. Nf3 Bd7 6. a4 Nc6 7. Bb5 cxd4 8. Nxd4
Nxe5 9. Bf4 Nc6 10. O-O Nf6 11. Re1 Be7 12. Bxc6 bxc6 13. b4 O-O 14. Nf5 exf5
15. Rxe7 Ne4 16. Rxe4 fxe4 17. Nd2 Qd8 18. Nb3 Qf6 19. Qd2 h6 20. Re1 g5 21.
Be3 Qg6 22. Nc5 Be6 23. a5 Rfe8 24. Qd4 Bc8 25. Bc1 f5 26. Bb2 Kh7 27. c4 dxc4
28. f3 Be6 29. fxe4 Rad8 30. Qe5 Bf7 31. exf5 Qg8 32. Ne4 Rxe5 33. Nf6+ Kh8 34.
Bxe5 Qf8 35. Nd7+ Kg8 36. Nxf8 Kxf8 37. Kf2 a6 38. g4 Rd3 39. Re3 Rd2+ 40. Kg3
Rd3 41. Kf3 Bd5+ 42. Ke2 Kf7 43. Rxd3 cxd3+ 44. Kxd3 Bf3 45. Bd4 Bxg4 46. Ke4
Be2 47. Ke5 Bd3 48. Bc5 Bb5 49. Be3 Bd3 1/2-1/2

[Event "BL 8788 Bayern-Zehlendorf"]
[Site "?"]
[Date "1987.??.??"]
[Round "?.6"]
[White "Hertneck, G."]
[Black "Riedel, W."]
[Result "1-0"]
[WhiteElo "2450"]
[BlackElo "2310"]
[PlyCount "101"]
[EventDate "1987.??.??"]

1. d4 d5 2. c4 c6 3. cxd5 cxd5 4. Nc3 Nf6 5. Nf3 Nc6 6. Bf4 e6 7. e3 Nh5 8. Be5
f5 9. Bb5 Be7 10. O-O O-O 11. Rc1 Bd7 12. Bxc6 Bxc6 13. Na4 Bb5 14. Re1 Bb4 15.
Nc3 Bc4 16. Nd2 Nf6 17. a3 Ba5 18. b3 Bxc3 19. bxc4 Ba5 20. Re2 Rc8 21. Qb3
Bxd2 22. Rxd2 dxc4 23. Qxb7 Qd7 24. Qxd7 Nxd7 25. Bd6 Rf7 26. Rb2 Nb6 27. Rb5
Rd7 28. Bc5 Rd5 29. Ra5 Rc7 30. Kf1 Kf7 31. Ke2 Ke8 32. Ra6 e5 33. Ra5 Nd7 34.
Rxc4 exd4 35. exd4 Kd8 36. Ke3 g5 37. Bb4 Nb6 38. Rxc7 Kxc7 39. Rxa7+ Kc6 40.
Rxh7 Nc4+ 41. Kd3 Ne5+ 42. Kc3 Ng4 43. Kc4 Rd7 44. Rxd7 Kxd7 45. Bd2 f4 46. h4
gxh4 47. f3 h3 48. gxh3 Nh2 49. Bxf4 Nxf3 50. d5 Nh4 51. a4 1-0

[Event "BL 8788 Heidelberg-Kreuzberg"]
[Site "?"]
[Date "1987.??.??"]
[Round "?.1"]
[White "Lehmann, K."]
[Black "Ostl, A."]
[Result "1/2-1/2"]
[WhiteElo "2315"]
[BlackElo "2385"]
[PlyCount "55"]
[EventDate "1987.??.??"]

1. e4 c5 2. c3 Nf6 3. e5 Nd5 4. d4 cxd4 5. Nf3 Nc6 6. Bc4 Nb6 7. Bb3 d6 8. exd6
Qxd6 9. Na3 a6 10. O-O dxc3 11. Ng5 e6 12. Qh5 Qe7 13. Ne4 g6 14. Qf3 f5 15.
Qxc3 Bg7 16. Nd6+ Kf8 17. Bh6 Rg8 18. Bxg7+ Rxg7 19. Rad1 e5 20. Rfe1 Be6 21.
f4 e4 22. Nxe4 Bxb3 23. Qxb3 Qb4 24. Ng5 Qxb3 25. axb3 Kg8 26. g3 Rc8 27. Rd6
Nd7 28. Rc1 1/2-1/2

[Event "BL 8788 Heidelberg-Kreuzberg"]
[Site "?"]
[Date "1987.??.??"]
[Round "?.2"]
[White "Mack, P."]
[Black "Levitt, J."]
[Result "1/2-1/2"]
[WhiteElo "2285"]
[BlackElo "2455"]
[PlyCount "94"]
[EventDate "1987.??.??"]

1. Nf3 Nf6 2. c4 g6 3. g3 Bg7 4. Bg2 O-O 5. O-O d6 6. d4 c6 7. Nc3 Qa5 8. h3
Be6 9. Qd3 Qa6 10. b3 d5 11. Ne5 Nbd7 12. cxd5 Qxd3 13. Nxd3 Nxd5 14. Nxd5 Bxd5
15. Bxd5 cxd5 16. Bb2 Rfc8 17. Rac1 e6 18. e3 Bf8 19. Rxc8 Rxc8 20. Rc1 Rxc1+
21. Bxc1 Nf6 22. f3 Bd6 23. Kf2 Kf8 24. Bd2 Ke7 25. Bb4 Bxb4 26. Nxb4 h5 27.
Nd3 Ne8 28. g4 hxg4 29. hxg4 g5 30. Ke2 Nd6 31. Kd2 Kd7 32. Kc3 Kc7 33. Kb4 b6
34. Kc3 a5 35. a4 Nc8 36. Nc1 Ne7 37. Kd3 Kd6 38. Ne2 Ng8 39. Ng1 Ke7 40. Nh3
Kf6 41. Ke2 Kg6 42. Nf2 Ne7 43. Nd3 f6 44. b4 Nc6 45. b5 Ne7 46. e4 Kf7 47. e5
f5 1/2-1/2

[Event "BL 8788 Heidelberg-Kreuzberg"]
[Site "?"]
[Date "1987.??.??"]
[Round "?.3"]
[White "Conquest, S."]
[Black "Steinbacher, M."]
[Result "1/2-1/2"]
[WhiteElo "2395"]
[BlackElo "2260"]
[PlyCount "101"]
[EventDate "1987.??.??"]

1. d4 Nf6 2. c4 e6 3. Nf3 Bb4+ 4. Nbd2 d5 5. e3 O-O 6. Bd3 dxc4 7. Bxc4 Nc6 8.
O-O a6 9. Qc2 Bd6 10. e4 e5 11. dxe5 Nxe5 12. Nxe5 Bxe5 13. Nf3 Qe7 14. Re1 Re8
15. Bd2 Bg4 16. Nxe5 Qxe5 17. Bc3 Qg5 18. Re3 Rad8 19. Rae1 Bh5 20. a4 Bg6 21.
f3 b5 22. axb5 axb5 23. Bxf6 gxf6 24. Bf1 Re7 25. Qf2 Qc5 26. f4 f5 27. g4 fxg4
28. f5 Rde8 29. fxg6 hxg6 30. R3e2 Qe5 31. Rc1 Qd6 32. Rd2 Qb4 33. Rd4 Qa5 34.
b4 Qa3 35. Re1 c5 36. bxc5 Qxc5 37. Bd3 Kg7 38. Rf1 Rb7 39. Kg2 Re6 40. Be2 Qe7
41. Bxg4 Re5 42. Qb2 Kg8 43. Rfd1 Rb8 44. Rd7 Qg5 45. Kf3 Rbe8 46. R1d4 Rxe4
47. Rxe4 Rxe4 48. Rd8+ Qxd8 49. Kxe4 f5+ 50. Bxf5 Qe7+ 51. Kf4 1/2-1/2

[Event "BL 8788 Heidelberg-Kreuzberg"]
[Site "?"]
[Date "1987.??.??"]
[Round "?.4"]
[White "Neunhoeffer, H."]
[Black "Grzesik, F."]
[Result "1/2-1/2"]
[WhiteElo "2260"]
[BlackElo "2255"]
[PlyCount "65"]
[EventDate "1987.??.??"]

1. d4 d5 2. c4 e6 3. Nc3 Be7 4. Nf3 Nf6 5. Bg5 h6 6. Bh4 O-O 7. e3 b6 8. Bd3
Bb7 9. O-O Nbd7 10. Qe2 c5 11. Rfd1 Ne4 12. Bg3 cxd4 13. Nxd4 Nxc3 14. bxc3 Nc5
15. Nb5 a6 16. Nc7 Rc8 17. cxd5 Rxc7 18. d6 Rd7 19. dxe7 Qxe7 20. Bc2 Rfd8 21.
f3 Bc6 22. Rab1 Rxd1+ 23. Bxd1 Qd7 24. Be1 Bb5 25. c4 Ba4 26. Bc2 Bxc2 27. Qxc2
Qd3 28. Qxd3 Rxd3 29. Kf2 Ra3 30. Rxb6 Nd3+ 31. Ke2 Nxe1 32. Kxe1 Rxa2 33. Kf1
1/2-1/2

[Event "BL 8788 Heidelberg-Kreuzberg"]
[Site "?"]
[Date "1987.??.??"]
[Round "?.5"]
[White "Dietze, F."]
[Black "Cicak, S."]
[Result "0-1"]
[WhiteElo "2240"]
[BlackElo "2290"]
[PlyCount "62"]
[EventDate "1987.??.??"]

1. d4 Nf6 2. c4 e6 3. Nf3 d5 4. Bg5 Be7 5. Nc3 O-O 6. e3 h6 7. Bh4 b6 8. Bd3
Bb7 9. O-O Nbd7 10. Qe2 c5 11. Rfd1 Ne4 12. Bg3 cxd4 13. Bxe4 dxc3 14. cxd5
cxb2 15. Rab1 Bf6 16. Bd6 Nc5 17. Bxc5 bxc5 18. Qc4 exd5 19. Bxd5 Qb6 20. Bxb7
Qxb7 21. Qxc5 Qa6 22. Qd5 Rad8 23. Qe4 Rxd1+ 24. Rxd1 Qxa2 25. Qc2 Rb8 26. Rb1
Qxb1+ 27. Qxb1 Rc8 28. Qf1 Rc1 29. Nd2 a5 30. f4 a4 31. Nb1 Be7 0-1

[Event "BL 8788 HSV-Heidelberg"]
[Site "?"]
[Date "1987.??.??"]
[Round "?.2"]
[White "Chandler, M."]
[Black "Mack, P."]
[Result "1-0"]
[WhiteElo "2575"]
[BlackElo "2285"]
[PlyCount "89"]
[EventDate "1987.??.??"]

1. e4 e6 2. d4 d5 3. Nc3 Bb4 4. e5 Qd7 5. a3 Bxc3+ 6. bxc3 b6 7. Qg4 f5 8. Qg3
Ba6 9. Bxa6 Nxa6 10. a4 Nb8 11. a5 Nc6 12. axb6 cxb6 13. Ne2 O-O-O 14. Nf4 Kb7
15. Ba3 Ka8 16. O-O g6 17. Rfb1 Na5 18. Qh4 g5 19. Qxg5 Re8 20. Nh5 h6 21. Qh4
Nc4 22. Kh1 Qf7 23. Rd1 Ne7 24. Nf6 Rc8 25. Qh5 Ng6 26. Bc1 Qg7 27. Qf3 h5 28.
Qg3 h4 29. Qg5 Qf7 30. Rd3 Ncxe5 31. dxe5 Nxe5 32. Re3 Nc4 33. Re1 h3 34. Bf4
a5 35. Rad1 Rcd8 36. Bg3 Rdf8 37. Bh4 Nd6 38. gxh3 Ne4 39. Nxe4 fxe4 40. Bg3
Qf3+ 41. Kg1 Qxc3 42. Rb1 Qc6 43. Rb3 b5 44. Qd2 Qb6 45. Ra1 1-0

[Event "BL 8788 HSV-Heidelberg"]
[Site "?"]
[Date "1987.??.??"]
[Round "?.3"]
[White "Steinbacher, M."]
[Black "Wahls, M."]
[Result "1-0"]
[WhiteElo "2260"]
[BlackElo "2435"]
[PlyCount "71"]
[EventDate "1987.??.??"]

1. d4 Nf6 2. Nf3 c5 3. e3 g6 4. dxc5 Qa5+ 5. Bd2 Qxc5 6. Bc3 Bg7 7. Be2 O-O 8.
O-O d6 9. Nbd2 Qc7 10. a4 Nc6 11. a5 e5 12. a6 b6 13. Nc4 Ne4 14. Qd5 Nxc3 15.
bxc3 Be6 16. Qxd6 Qc8 17. Ng5 Rd8 18. Qa3 Bf8 19. Qa4 Bd7 20. Qb3 Be8 21. Bf3
Qf5 22. Ne4 b5 23. Nb2 Kg7 24. Nd3 Rac8 25. Rfd1 Nb8 26. Ng3 Qf6 27. Bb7 Rc7
28. Ne4 Qb6 29. Nb4 Rxd1+ 30. Rxd1 Bxb4 31. cxb4 Nxa6 32. Nd6 Bc6 33. Bxa6 Qxa6
34. Qc3 Re7 35. Ra1 Qb6 36. Nc8 1-0

[Event "BL 8788 HSV-Heidelberg"]
[Site "?"]
[Date "1987.??.??"]
[Round "?"]
[White "Stein, B."]
[Black "Neunhoeffer, H."]
[Result "1-0"]
[WhiteElo "2360"]
[BlackElo "2260"]
[PlyCount "69"]
[EventDate "1987.??.??"]

1. b3 d5 2. Bb2 Nf6 3. Nf3 Bf5 4. g3 e6 5. Bg2 h6 6. O-O Be7 7. d3 O-O 8. Nbd2
a5 9. a3 Bh7 10. Qe1 b5 11. e4 c5 12. Ne5 a4 13. c4 bxc4 14. bxc4 d4 15. f4
Nfd7 16. Ndf3 Ra6 17. Bc1 Nxe5 18. Nxe5 f6 19. Nf3 Nc6 20. Bd2 Qc7 21. Bh3 Kf7
22. Qe2 Rb6 23. Nh4 Qd7 24. f5 e5 25. Bg4 Rfb8 26. Bh5+ Kg8 27. Qg4 Kh8 28. Bf7
Bf8 29. Qh5 Rb2 30. Bc1 Rc2 31. Rd1 Bg8 32. Ng6+ Kh7 33. Nxf8+ Rxf8 34. Bg6+
Kh8 35. Bxh6 1-0

[Event "BL 8788 HSV-Heidelberg"]
[Site "?"]
[Date "1987.??.??"]
[Round "?"]
[White "Cicak, S."]
[Black "Wegner, H."]
[Result "1/2-1/2"]
[WhiteElo "2290"]
[BlackElo "2370"]
[PlyCount "120"]
[EventDate "1987.??.??"]

1. e4 e5 2. Nf3 Nc6 3. Bc4 Bc5 4. c3 Nf6 5. d4 exd4 6. e5 d5 7. Be2 Ne4 8. cxd4
Bb6 9. O-O f6 10. exf6 Qxf6 11. Nc3 Nxc3 12. bxc3 O-O 13. Bg5 Qf7 14. Bh4 Bf5
15. Bg3 Rae8 16. Ne5 Nxe5 17. Bxe5 Qd7 18. Bd3 Bxd3 19. Qxd3 c5 20. Rab1 Rc8
21. Rfd1 Qf7 22. f4 cxd4 23. cxd4 Rc4 24. Rb5 Qd7 25. Qg3 g6 26. Qb3 Rfc8 27.
h3 Rc1 28. Rxc1 Rxc1+ 29. Kh2 Rc4 30. a4 Qe6 31. Qf3 Bxd4 32. Rxd5 Bxe5 33.
Rxe5 Qf7 34. f5 gxf5 35. Qg3+ Qg6 36. Re8+ Kf7 37. Qb8 Qc6 38. Rf8+ Ke6 39.
Re8+ Kf7 40. Rh8 Ke6 41. Qg8+ Ke5 42. Rxh7 Rxa4 43. Re7+ Kd4 44. Qg7+ Kd3 45.
Qg3+ Kd2 46. Re3 Re4 47. Ra3 Qc4 48. Rxa7 b5 49. Qf2+ Re2 50. Qxf5 b4 51. Qd7+
Qd3 52. Qc6 Qc3 53. Qd6+ Ke1 54. Rc7 Qd2 55. Qg3+ Kf1 56. Rf7+ Rf2 57. Rxf2+
Qxf2 58. Qd3+ Qe2 59. Qf5+ Qf2 60. Qd3+ Qe2 1/2-1/2

[Event "BL 8788 Koblenz-HSV"]
[Site "?"]
[Date "1987.??.??"]
[Round "?.2"]
[White "Wolf, V."]
[Black "Chandler, M."]
[Result "0-1"]
[WhiteElo "2315"]
[BlackElo "2575"]
[PlyCount "108"]
[EventDate "1987.??.??"]

1. e4 c5 2. Nf3 Nc6 3. d4 cxd4 4. Nxd4 Nf6 5. Nc3 d6 6. Nb3 g6 7. Be2 Bg7 8.
O-O O-O 9. Bg5 Be6 10. Qd2 Ne5 11. Rad1 Rc8 12. Qe3 a6 13. h3 Re8 14. f4 Nc4
15. Bxc4 Bxc4 16. Rf2 Nd7 17. Nd4 h6 18. Bh4 Qb6 19. Na4 Qa5 20. b3 b5 21. Nb2
Qxa2 22. bxc4 Qxb2 23. cxb5 Rc3 24. Qe2 Bxd4 25. Rxd4 axb5 26. Rd5 Rc5 27. Qd1
Qb4 28. e5 Nf8 29. Bg3 dxe5 30. fxe5 Rxd5 31. Qxd5 Ne6 32. c3 Qxc3 33. Qxb5 Rd8
34. Kh2 h5 35. Rf3 Qd4 36. Qe2 Qd5 37. Qe1 Ng7 38. Bf2 Qe6 39. Re3 Nf5 40. Re4
Ra8 41. Qe2 Ra2 42. Qf3 Kg7 43. Be1 Kh6 44. Kh1 g5 45. h4 g4 46. Qf4+ Kh7 47.
Qg5 Qg6 48. e6 f6 49. Qxg6+ Kxg6 50. Bf2 Ra1+ 51. Re1 Rxe1+ 52. Bxe1 Nd4 53.
Bb4 Nc6 54. Bc3 Kf5 0-1

[Event "BL 8788 Koblenz-HSV"]
[Site "?"]
[Date "1987.??.??"]
[Round "?.3"]
[White "Wahls, M."]
[Black "Doncevic, D."]
[Result "1/2-1/2"]
[WhiteElo "2435"]
[BlackElo "2400"]
[PlyCount "78"]
[EventDate "1987.??.??"]

1. e4 c5 2. Nf3 Nc6 3. d4 cxd4 4. Nxd4 Nf6 5. Nc3 d6 6. Bg5 e6 7. Qd2 a6 8.
O-O-O h6 9. Bf4 Bd7 10. Nxc6 Bxc6 11. Qe1 Be7 12. e5 Nh5 13. Be3 Qc7 14. Be2 g6
15. Bxh5 gxh5 16. Bf4 O-O-O 17. f3 Rhg8 18. exd6 Bxd6 19. Bxd6 Rxd6 20. Qe2 h4
21. h3 Rxd1+ 22. Rxd1 Qf4+ 23. Kb1 Rd8 24. Rxd8+ Kxd8 25. b3 Kc7 26. a4 e5 27.
Qd3 Qg5 28. Nd5+ Bxd5 29. Qxd5 f6 30. Qc5+ Kb8 31. Qd6+ Ka8 32. Qf8+ Ka7 33.
Qc5+ Kb8 34. Qd6+ Ka8 35. Qf8+ Ka7 36. Qc5+ Ka8 37. Qf8+ Ka7 38. Qc5+ Kb8 39.
Qd6+ Ka8 1/2-1/2

[Event "BL 8788 Koblenz-HSV"]
[Site "?"]
[Date "1987.??.??"]
[Round "?.4"]
[White "Brueckner, T."]
[Black "Stein, B."]
[Result "1-0"]
[WhiteElo "2400"]
[BlackElo "2360"]
[PlyCount "51"]
[EventDate "1987.??.??"]

1. c4 c5 2. Nc3 Nf6 3. g3 d5 4. cxd5 Nxd5 5. Bg2 Nc7 6. Nf3 Nc6 7. a3 g6 8. h4
h6 9. d3 Bg7 10. Bd2 Bd7 11. Rb1 a5 12. O-O b6 13. Be3 e5 14. Qc1 Rb8 15. Re1
f5 16. Bd2 Qe7 17. e4 Qd6 18. h5 gxh5 19. exf5 Bxf5 20. Ne4 Qxd3 21. Nh4 Ne7
22. b4 axb4 23. axb4 Rd8 24. Nxf5 Nxf5 25. bxc5 bxc5 26. Ba5 1-0

[Event "BL 8788 Koblenz-HSV"]
[Site "?"]
[Date "1987.??.??"]
[Round "?.5"]
[White "Wegner, H."]
[Black "Bayer, E."]
[Result "1/2-1/2"]
[WhiteElo "2370"]
[BlackElo "2360"]
[PlyCount "67"]
[EventDate "1987.??.??"]

1. d4 d5 2. c4 e6 3. Nf3 Nf6 4. Nc3 Be7 5. Bg5 h6 6. Bxf6 Bxf6 7. e3 O-O 8. Rc1
c6 9. Bd3 Nd7 10. O-O dxc4 11. Bxc4 e5 12. h3 exd4 13. exd4 c5 14. Nd5 cxd4 15.
Nxf6+ Nxf6 16. Qxd4 Qxd4 17. Nxd4 Bd7 18. Be2 Rad8 19. Rfd1 Rfe8 20. Bf3 b6 21.
Rc7 a5 22. Nc6 Bxc6 23. Rxd8 Rxd8 24. Rxc6 Rb8 25. a3 Kf8 26. Kf1 Ne8 27. b4
axb4 28. axb4 Ke7 29. Ke2 Kd7 30. Rc1 Nd6 31. Kd3 Ke6 32. Re1+ Kd7 33. Rc1 Ke6
34. Re1+ 1/2-1/2

[Event "BL 8788 Koblenz-HSV"]
[Site "?"]
[Date "1987.??.??"]
[Round "?.6"]
[White "Seul, G."]
[Black "Reefschlaeger, H."]
[Result "1/2-1/2"]
[WhiteElo "2275"]
[BlackElo "2340"]
[PlyCount "43"]
[EventDate "1987.??.??"]

1. d4 Nf6 2. c4 g6 3. Nc3 Bg7 4. Nf3 O-O 5. Bg5 c5 6. e3 d6 7. Be2 h6 8. Bh4 g5
9. Bg3 Nh5 10. dxc5 Nxg3 11. hxg3 dxc5 12. Qc2 e6 13. g4 Nc6 14. Rd1 Qe7 15. a3
b6 16. O-O Bb7 17. Nd2 Rfd8 18. Nde4 Rxd1 19. Rxd1 Rd8 20. Rd2 Be5 21. Rxd8+
Qxd8 22. Bf3 1/2-1/2

[Event "BL 8788 Koblenz-HSV"]
[Site "?"]
[Date "1987.??.??"]
[Round "?.7"]
[White "Maus, So"]
[Black "Schlick, V."]
[Result "1-0"]
[WhiteElo "2375"]
[BlackElo "2290"]
[PlyCount "65"]
[EventDate "1987.??.??"]

1. e4 c5 2. Nf3 Nc6 3. d4 cxd4 4. Nxd4 Nf6 5. Nc3 g6 6. Nxc6 dxc6 7. Qxd8+ Kxd8
8. Bc4 Ke8 9. e5 Ng4 10. f4 h5 11. Bd2 h4 12. Ne4 Nh6 13. Bc3 h3 14. e6 Rg8 15.
exf7+ Nxf7 16. O-O-O Bh6 17. g3 Bg4 18. Rd2 Kf8 19. Rf1 Bg7 20. Ng5 Bxc3 21.
bxc3 Nd6 22. Bxg8 Kxg8 23. Re1 Kf8 24. Nh7+ Kf7 25. Ng5+ Kf8 26. Ne4 Nc4 27.
Rd4 b5 28. Nf2 Bf3 29. Rd7 e5 30. fxe5 Nb6 31. Rd6 Kg7 32. Nxh3 Bd5 33. Nf4 1-0

[Event "BL 8788 Koblenz-HSV"]
[Site "?"]
[Date "1987.??.??"]
[Round "?.8"]
[White "Weidemann, J."]
[Black "Behrhorst, F."]
[Result "1/2-1/2"]
[WhiteElo "2290"]
[BlackElo "2355"]
[PlyCount "28"]
[EventDate "1987.??.??"]

1. e4 Nf6 2. Nc3 d5 3. exd5 Nxd5 4. d4 Nxc3 5. bxc3 g6 6. Bc4 Bg7 7. Nf3 O-O 8.
O-O c5 9. Qe2 Nc6 10. Be3 Bg4 11. Rab1 cxd4 12. cxd4 Nxd4 13. Bxd4 Bxf3 14.
Qxf3 Qxd4 1/2-1/2

[Event "BL 8788 Kreuzberg-Koblenz"]
[Site "?"]
[Date "1987.??.??"]
[Round "?.1"]
[White "Gutman, L."]
[Black "Lehmann, K."]
[Result "1-0"]
[WhiteElo "2475"]
[BlackElo "2315"]
[PlyCount "59"]
[EventDate "1987.??.??"]

1. d4 Nf6 2. c4 e6 3. Nc3 Bb4 4. f3 c5 5. d5 Bxc3+ 6. bxc3 e5 7. e4 d6 8. Bd3
Nbd7 9. Ne2 Nf8 10. h4 Qa5 11. h5 h6 12. Bd2 Bd7 13. Rb1 O-O-O 14. Qc1 Kb8 15.
Rb3 Ka8 16. Ng3 Qc7 17. Kf2 Ng8 18. Qa3 Ne7 19. Rbb1 Bc8 20. Rb5 Nh7 21. Be3
Nf6 22. Rxc5 dxc5 23. Bxc5 Nc6 24. dxc6 a6 25. cxb7+ Bxb7 26. Be2 Nd7 27. Bd6
Qc8 28. c5 g6 29. Bc4 Rh7 30. Bxf7 1-0

[Event "BL 8788 Kreuzberg-Koblenz"]
[Site "?"]
[Date "1987.??.??"]
[Round "?.2"]
[White "Levitt, J."]
[Black "Wolf, V."]
[Result "1-0"]
[WhiteElo "2455"]
[BlackElo "2315"]
[PlyCount "105"]
[EventDate "1987.??.??"]

1. d4 Nf6 2. c4 e6 3. Nf3 Bb4+ 4. Bd2 a5 5. Nc3 b6 6. e3 Ba6 7. Bd3 d5 8. Qe2
O-O 9. O-O Nbd7 10. Rfd1 Qe7 11. a3 Bxc3 12. Bxc3 Rfd8 13. b3 c5 14. Bb2 Bb7
15. a4 Rac8 16. Ba3 e5 17. dxe5 Nxe5 18. Nxe5 Qxe5 19. Bb2 Qe6 20. Rac1 h6 21.
Qc2 dxc4 22. Bxc4 Qe4 23. Qxe4 Nxe4 24. Rxd8+ Rxd8 25. Be5 Rd2 26. f3 Nd6 27.
Bf1 Nf5 28. Re1 Rd7 29. Bc3 Bc6 30. Kf2 Ne7 31. e4 Ng6 32. Ke3 Nf8 33. Be2 Ne6
34. Rd1 Kf8 35. Rxd7 Bxd7 36. Bc4 f6 37. f4 Ke7 38. g3 Bc6 39. h4 Nc7 40. g4
Bd7 41. f5 Bc6 42. Kf4 Bb7 43. g5 hxg5+ 44. hxg5 Bc6 45. Bd2 Bb7 46. Be1 Ba6
47. Bxa6 Nxa6 48. e5 fxe5+ 49. Kxe5 c4 50. bxc4 Nc5 51. Bc3 Nxa4 52. Bd4 Nc5
53. Kd5 1-0